000 01184nam a2200289 a 4500
001 000027298
005 20200930030732.0
008 110331s1997 dr a 000 0 spa d
040 _aDO-SdBNP
_bspa
_cBNPHU
082 _a972.9303
_bJ94b
100 1 _aJulián, Amadeo
_936069
245 1 0 _aBancos, ingenios y esclavos en la época colonial /
_cAmadeo Julián.
260 _aSanto Domingo :
_bBanco de Reservas de la República Dominicana,
_c1997.
300 _a373, [2] p. :
_bil. ;
_c24 cm.
490 1 _aBanReservas
490 1 _aHistoria
_v4
504 _aIncluye referencias bibliográficas y notas al pie de las páginas.
590 _aInventariado, 2020/YL
650 4 _aEsclavitud en república dominicana
_xHistoria
_921364
650 4 _aIndustria azucarera
_zRepública Dominicana
_xHistoria
_y1500-1930
_954372
650 4 _aBancos
_xHistoria
_zRepública Dominicana
_y1500-1930
_954373
651 4 _aRepública Dominicana
_xHistoria
_yGOBIERNO COLONIAL ESPAÑOL, 1511-1795
_945963
651 4 _aRepública Dominicana
_xCondiciones Económicas
_y1500-1930
_954374
830 0 _aBanReservas
_99258
830 0 _aHistoria
_v4
_92122
910 _aValidado. Control de calidad EMS.
999 _c26790
_d26790